Nursing care plans : guidelines for individualizing client care across the life span

Saved in:
Bibliografiske detaljer
Hovedforfatter: DOENGES, Marilynn E
Format: Bog
Sprog:engelsk
Udgivet: F.A.Davis 2014
Tags: Tilføj Tag
Ingen Tags, Vær først til at tagge denne postø!

MARC

LEADER 00000nam a22000007a 4500
008 240104b |||||||| |||| 00| 0 eng d
020 |a 9780803630413 
100 |a DOENGES, Marilynn E 
245 |a Nursing care plans   |b : guidelines for individualizing client care across the life span  |c  / Marilynn E. Doenges, Mary Frances Moorhouse, Alice C.Murr  |g xxxii,951p 
250 |b 9th 
260 |b F.A.Davis  |c 2014  |h Philadephia  |i 701244  |l RT49.D67  |m Nursing care plans-Handbooks, manuals, etc  |m Patient care Planning-Handbooks  |m Nursing Process--Handbooks.  
500 |a Includes bibliographical references and index 
942 |a lcc  |c BK  |e Johnson  |f 04/01/24 
952 |0 0  |1 0  |2 lcc  |4 0  |6 RT0049 D67  |7 0  |9 4748  |a HOL  |b HOL  |c QZ  |d 2024-01-04  |l 0  |o RT49.D67  |p 2024-0002  |r 2024-01-04 00:00:00  |t 701244  |w 2024-01-04  |y BK 
999 |c 2379  |d 2379